[Event "Challenge"]
[Site "http://www.queenalice.com/game.php?id=17555"]
[Date "2005.6.27"]
[Round "-"]
[White "naujnaitsirhc"]
[Black "vitinhothai"]
[Result "1-0"]
[WhiteElo "1193"]
[BlackElo "1172"]

1. e4 d5 2. Nc3 Nf6 3. d3 dxe4 4. d4 Bf5 5. Be2 Nc6 6. Be3 g6 7. Qb1 Bg7 8. Qd1
b6 9. Qd2 Qd7 10. h3 a5 11. Bb5 O-O 12. Rd1 e6 13. g4 Nxg4 14. hxg4 Bxg4 15. Bh6
Qxd4 16. Bxc6 Rad8 17. Qxd4 Rxd4 18. Rxd4 Bxd4 19. Nxe4 Rd8 20. Rh4 Bf5 21. Bg5
Rb8 22. Nf6+ Bxf6 23. Bxf6 Bxc2 24. Nf3 b5 25. Ng5 h5 26. Rd4 b4 27. Rd7 a4 28.
Rxf7 a3 29. Rg7+ Kh8 30. Rxg6# 1-0

[Event "Challenge"]
[Site "http://www.queenalice.com/game.php?id=17607"]
[Date "2005.6.27"]
[Round "-"]
[White "refutor"]
[Black "vitinhothai"]
[Result "1-0"]
[WhiteElo "1547"]
[BlackElo "1059"]

1. Nf3 d5 2. d4 Bf5 3. c4 e6 4. cxd5 Qxd5 5. Nc3 Nc6 6. Nxd5 exd5 7. a3 Nf6 8.
Bg5 Ne4 9. e3 Bd6 10. Bd3 f6 11. Bh4 g5 12. Bg3 g4 13. Bxd6 gxf3 14. Bxe4 Bxe4
15. gxf3 Bxf3 16. Qxf3 cxd6 17. Qxf6 Rd8 18. Qxh8+ Kd7 19. Qxh7+ Kc8 20. Qf5+
Kc7 21. Qxd5 a6 22. Rc1 Kd7 23. O-O Nb8 24. Qxb7+ Ke6 25. Rc8 Rxc8 26. Qxc8+ Nd7
27. d5+ Ke7 28. Qxa6 Nc5 29. Qa7+ Nd7 30. Rc1 Kd8 31. Qxd7+ Kxd7 32. b4 1-0

[Event "Challenge"]
[Site "http://www.queenalice.com/game.php?id=18120"]
[Date "2005.7.2"]
[Round "-"]
[White "Jomaley"]
[Black "vitinhothai"]
[Result "0-1"]
[WhiteElo "1227"]
[BlackElo "1034"]

1. d4 Nf6 2. b3 d5 3. c4 dxc4 4. bxc4 e6 5. c5 Nc6 6. e3 e5 7. Nf3 exd4 8. exd4
Bf5 9. Ng5 Nxd4 10. Bb2 Bxc5 11. Nd2 Nc2+ 12. Ke2 Bg4+ 13. Ndf3 Qe7+ 14. Kd2
Rd8+ 15. Bd3 Rxd3+ 16. Kxd3 Nb4+ 17. Kc4 b5+ 18. Kxb5 c6+ 19. Ka4 O-O 20. a3 Qb7
21. Bc3 Qb5+ 22. Kb3 Nd3+ 23. Kc2 Nxf2 24. Qe1 Qd3+ 25. Kb3 Rb8+ 26. Ka4 Qb5#
0-1

[Event "Let's Play Chess!"]
[Site "http://www.queenalice.com/game.php?id=18302"]
[Date "2005.7.4"]
[Round "-"]
[White "vitinhothai"]
[Black "alevin"]
[Result "0-1"]
[WhiteElo "1059"]
[BlackElo "1500"]

1. e4 e5 2. Qf3 Nc6 3. Bc4 Nf6 4. Ne2 Nb4 5. Qb3 d5 6. exd5 Bf5 7. d3 e4 8. Qa4+
Qd7 9. Nbc3 Qxa4 10. Nxa4 Nxc2+ 11. Kd1 Nxa1 12. b3 Nxb3 13. Bxb3 exd3 14. Ng3
Bg6 15. Re1+ Kd7 16. Re3 Re8 17. Nc5+ Bxc5 18. Rf3 Ne4 19. Ba4+ c6 20. Rxd3
Nxf2+ 21. Kd2 Nxd3 0-1

[Event "Let's Play Chess!"]
[Site "http://www.queenalice.com/game.php?id=18308"]
[Date "2005.7.4"]
[Round "-"]
[White "vitinhothai"]
[Black "tpstar"]
[Result "0-1"]
[WhiteElo "1059"]
[BlackElo "1785"]

1. e4 e5 2. Bc4 Nf6 3. Nc3 Nxe4 4. Qf3 Nf6 5. d3 c6 6. Nge2 d5 7. Bb3 Bd6 8. g3
O-O 9. d4 Bg4 10. Qg2 Bxe2 11. Nxe2 exd4 12. Nxd4 c5 13. Nf5 Bc7 14. O-O Qd7 15.
Ne3 c4 16. Bxc4 dxc4 17. Nxc4 Qc6 18. Qxc6 Nxc6 19. b3 Rfe8 20. Bf4 Bxf4 21.
gxf4 Nd4 22. Kg2 Nxc2 23. Rac1 Nb4 24. Nd6 Re7 25. Rfd1 Rd7 26. a3 Nbd5 27. Nb5
Nxf4+ 28. Kf3 Rxd1 29. Rxd1 Ne6 30. Rd6 a6 31. Nc3 Rd8 32. Rb6 Rd3+ 0-1

[Event "Let's Play Chess!"]
[Site "http://www.queenalice.com/game.php?id=18309"]
[Date "2005.7.4"]
[Round "-"]
[White "Tittei"]
[Black "vitinhothai"]
[Result "1-0"]
[WhiteElo "1380"]
[BlackElo "1085"]

1. e4 d5 2. exd5 Nf6 3. d4 Nxd5 4. c4 Nb4 5. Qa4+ N4c6 6. d5 Bd7 7. Nf3 Ne5 8.
Qb3 Ng6 9. Bd3 c6 10. Qxb7 Na6 11. dxc6 Be6 12. Bxg6 Nc5 13. Qb5 Qd6 14. Bc2 Na6
15. Qxa6 Rd8 16. Bd2 g6 17. Qa4 Bg7 18. c7+ Bd7 19. cxd8=R+ Kxd8 20. Qa5+ Ke8
21. Qxa7 e6 22. Bc3 Qf8 23. Qb8+ Ke7 24. Bb4+ Kf6 25. Qe5# 1-0

[Event "Let's Play Chess!"]
[Site "http://www.queenalice.com/game.php?id=21243"]
[Date "2005.7.24"]
[Round "-"]
[White "vitinhothai"]
[Black "Rika"]
[Result "0-1"]
[WhiteElo "1164"]
[BlackElo "1242"]

1. e4 e5 2. Nc3 Be7 3. Qf3 Nf6 4. Bc4 Nc6 5. g4 Nd4 6. Qg3 Nxc2+ 7. Kd1 Nxa1 8.
Qxe5 d6 9. Qf4 Bxg4+ 10. f3 Bh5 11. b3 Bg6 12. d3 Nh5 13. Qe3 O-O 14. Nge2 c5
15. Bb2 Qa5 16. Bxa1 h6 17. f4 a6 18. Nd5 Rae8 19. a4 b5 20. f5 Bg5 21. Qh3 Qd2#
0-1

[Event "vitor banguinha"]
[Site "http://www.queenalice.com/game.php?id=21334"]
[Date "2005.7.25"]
[Round "-"]
[White "serginh0w"]
[Black "vitinhothai"]
[Result "0-1"]
[WhiteElo "1192"]
[BlackElo "1139"]

1. e4 e5 2. Nf3 Nf6 3. Bc4 Bc5 4. Nxe5 O-O 5. d4 Bb6 6. Bxf7+ Rxf7 7. Nxf7 Kxf7
8. Bg5 Nc6 9. d5 Nd4 10. Qd3 h6 11. Bh4 g5 12. Bg3 d6 13. c3 Nb5 14. Qxb5 Nxe4
15. h4 Bd7 16. Qc4 Nxg3 17. fxg3 Qe7+ 18. Kd1 Rf8 19. Qxc7 Bxc7 0-1

[Event "vitinhu amiguinhu"]
[Site "http://www.queenalice.com/game.php?id=21335"]
[Date "2005.7.25"]
[Round "-"]
[White "vitinhothai"]
[Black "serginh0w"]
[Result "1-0"]
[WhiteElo "1093"]
[BlackElo "1184"]

1. e4 e5 2. Nf3 d5 3. Nxe5 dxe4 4. Nc3 f5 5. d3 Bd6 6. Qh5+ Kf8 7. Nf7 g6 8.
Qxh7 Rxh7 9. Nxd8 Ke7 10. Bg5+ Ke8 11. dxe4 Nc6 12. Nxc6 bxc6 13. Bc4 Rh5 14. h4
Ne7 15. O-O-O Bb7 16. f3 Kd7 17. e5 1-0

[Event "Challenge"]
[Site "http://www.queenalice.com/game.php?id=21599"]
[Date "2005.7.27"]
[Round "-"]
[White "vitinhothai"]
[Black "markus765432"]
[Result "0-1"]
[WhiteElo "1173"]
[BlackElo "1875"]

1. e4 c6 2. Qf3 e6 3. d4 d5 4. Nc3 dxe4 5. Qxe4 Nf6 6. Qe5 Bd6 7. Qe2 O-O 8. Ne4
Nxe4 9. Qxe4 b6 10. Ne2 Re8 11. Ng3 e5 12. Be2 exd4 13. Qxd4 Ba6 14. b3 Qc7 15.
Bb2 Be5 16. Qe4 Nd7 17. O-O-O Bxb2+ 18. Kxb2 Rxe4 19. Bxa6 Ree8 20. h4 Nc5 21.
Bc4 Rad8 22. h5 Rxd1 23. Rxd1 Kf8 24. Rh1 Ne4 25. Nxe4 Rxe4 26. Bd3 Qe5+ 27. Kb1
Re1+ 28. Rxe1 Qxe1+ 0-1

[Event "Challenge"]
[Site "http://www.queenalice.com/game.php?id=25033"]
[Date "2005.8.21"]
[Round "-"]
[White "EngEsp"]
[Black "vitinhothai"]
[Result "1-0"]
[WhiteElo "1332"]
[BlackElo "1172"]

1. b3 e5 2. e4 Qh4 3. Nf3 Qxe4+ 4. Qe2 Qxc2 5. Ng5 Qxc1+ 6. Qd1 Qxd1+ 7. Kxd1
Bc5 8. Nc3 Bxf2 9. Nd5 Na6 10. Be2 Kd8 11. Nxf7+ Ke8 12. Nxh8 d6 13. Bh5+ Kd7
14. Rf1 Bd4 15. Rf7+ Kc6 16. Bf3 Bxa1 17. Rxg7 Be6 18. Ne3+ d5 19. Rxh7 1-0

[Event "AUTO-OPEN-144"]
[Site "http://www.queenalice.com/game.php?id=28889"]
[Date "2005.9.16"]
[Round "1"]
[White "salso"]
[Black "vitinhothai"]
[Result "1-0"]
[WhiteElo "1937"]
[BlackElo "1173"]

1. e4 d5 2. exd5 Qxd5 3. d4 Qe4+ 4. Be3 Nc6 5. Nc3 Qf5 6. Bd3 Qd7 7. Nf3 Nf6 8.
O-O e6 9. a3 a6 10. Qe2 b5 11. Rfd1 1-0